Španělský pikareskní román a realismus

Bibliographic Details
Main Author: Bělič, Oldřich, 1920-2002 (Author)
Format: Book
Language:Czech
PhysicalDescription:231, [2] s. 24 cm
Published: Praha Státní pedagogické nakladatelství Universita Karlova 1963
Edition:Vyd. 1.
Series:Acta Universitatis Carolinae. Philologica. Monographiae
Subjects:

MARC

LEADER 00000cam a2200000 a 4500
001 vtls001261383
003 SK-MaSNL
005 20260301234510.0
008 251029s1963 xr 00000 cze
035 |a SNK000212251 
040 |a SNK  |b slo  |c SNK  |e AACR2 
041 0 |a cze 
044 |a xr  |c CZ 
072 7 |a 821.134.2.09  |x Španielska literatúra, španielsky písaná (o nej)  |2 konspekt 
080 |a 821.134.2-31  |2 2001 
080 |a (082)  |2 2001 
100 1 |a Bělič, Oldřich,  |d 1920-2002  |4 aut  |9 222403 
245 1 0 |a Španělský pikareskní román a realismus  |c Oldřich Bělič 
250 |a Vyd. 1. 
260 |a Praha  |b Státní pedagogické nakladatelství  |b Universita Karlova  |c 1963 
300 |a 231, [2] s.  |c 24 cm 
366 |e 700 výt. 
490 1 |a Acta Universitatis Carolinae. Philologica. Monographiae  |v sv. 4/1963 
650 0 7 |a španielske romány  |2 SNKPH  |9 92928 
650 0 7 |a realizmus (literatúra)  |2 SNKPH  |9 67597 
655 7 |a zborníky  |2 SNKPH  |9 70165 
830 0 |a Acta Universitatis Carolinae. Philologica. Monographiae  |9 630602 
852 |a Štátna vedecká knižnica v Banskej Bystrici 
958 |a RK 
958 |a OND 
999 |c 970294  |d 972224 
952 |t P60, <04>, [BOOK], {604}  |a SNK  |b SNK  |y VYP  |7 0  |o snkIC 35187  |i snkKIP 1495/64  |0 0  |1 0  |4 0  |d 1996-08-14  |l 0  |r 2005-01-01 00:00:00  |w 2026-02-24 
952 |t P60, <04>, [BOOK], {604}  |a SNK  |b SNK  |y VYP  |7 0  |o snkIC 35187 D1  |i snkKIP 1496/64  |0 0  |1 0  |4 0  |d 1996-08-14  |l 0  |r 2005-01-01 00:00:00  |w 2026-02-24